| 000 | 00760nam a2200253 i 4500 | ||
|---|---|---|---|
| 001 | 18240 | ||
| 003 | ES-MaACL | ||
| 005 | 20240507102622.0 | ||
| 007 | t| | ||
| 008 | 011010s2001 sp ||||0| spa j | ||
| 020 | _a84-01-30505-5 | ||
| 040 |
_aM-BN _bspa _cM-BN |
||
| 080 | _a929 Leonardo da Vinci | ||
| 100 | 1 |
_aWhite, Michael. _9116678 |
|
| 245 | 1 | 0 |
_aLeonardo _b: el primer científico / _cMichael White ; traducción de Víctor Pozanco. |
| 250 | _a1ª ed. | ||
| 260 |
_aBarcelona : _bPlaza & Janés, _c2001. |
||
| 300 |
_a377 p. : _bil. ; _c24 cm. |
||
| 600 | 1 | 4 |
_aLeonardo da Vinci, _d1452-1519 _971671 |
| 700 | 0 |
_aPozanco, Víctor, _d1940- _993527 |
|
| 852 |
_aES-MaACL _jL-24955 _bR.130333 |
||
| 999 |
_c18240 _d18240 |
||